[Event "Deutsche Ländermeisterschaft 2022"]
[Site "Wiesbaden GER"]
[Date "2022.10.03"]
[Round "5"]
[White "Tovmasyan, Minas"]
[Black "Bock, Marlon"]
[Result "0-1"]
[Termination "normal"]
[Board "5.3"]
[WhiteElo "1838"]
[BlackElo "1866"]
[WhiteClock "00:00:55"]
[BlackClock "00:13:05"]
[WhiteTeam "Mecklenburg-Vorpommern"]
[BlackTeam "Thüringen"]
[PlyCount "70"]
[WhiteFideId "16247620"]
[BlackFideId "16244931"]
[EventCountry "GER"]
[EventRounds "7"]
[EventType "team-swiss"]
[EventDate "2022.09.30"]

1. d4 {[%clk 1:30:56]} d5 {[%clk 1:30:55]} 2. c4 {[%clk 1:31:14]} dxc4 {[%clk
1:31:19]} 3. e3 {[%clk 1:31:38]} e5 {[%clk 1:31:10]} 4. Bxc4 {[%clk 1:31:33]}
Nc6 {[%clk 1:30:46]} 5. Nf3 {[%clk 1:30:49]} e4 {[%clk 1:31:05]} 6. Nfd2 {[%clk
1:28:40]} Qg5 {[%clk 1:31:05]} 7. Kf1 {[%clk 1:26:17]} Qg6 {[%clk 1:29:22]} 8.
Nc3 {[%clk 1:25:37]} Nf6 {[%clk 1:24:48]} 9. Nb5 {[%clk 1:15:13]} Bd6 {[%clk
1:19:06]} 10. Nxd6+ {[%clk 1:11:16]} cxd6 {[%clk 1:19:27]} 11. b4 {[%clk
1:05:05]} O-O {[%clk 1:10:34]} 12. b5 {[%clk 0:59:40]} Ne7 {[%clk 1:08:22]} 13.
Ba3 {[%clk 0:54:59]} Nf5 {[%clk 1:06:07]} 14. h4 {[%clk 0:50:24]} h5 {[%clk
0:58:43]} 15. Rc1 {[%clk 0:45:56]} Be6 {[%clk 0:50:51]} 16. Qb3 {[%clk
0:30:01]} d5 {[%clk 0:39:27]} 17. Be2 {[%clk 0:30:11]} Rfc8 {[%clk 0:38:13]}
18. Rxc8+ {[%clk 0:27:42]} Rxc8 {[%clk 0:38:34]} 19. Kg1 {[%clk 0:21:54]} Ng4
{[%clk 0:35:24]} 20. Nf1 {[%clk 0:21:06]} Qf6 {[%clk 0:33:41]} 21. Bxg4 {[%clk
0:16:03]} hxg4 {[%clk 0:33:56]} 22. g3 {[%clk 0:13:09]} Qd8 {[%clk 0:28:56]}
23. Nd2 {[%clk 0:05:41]} Qa5 {[%clk 0:22:07]} 24. Qb4 {[%clk 0:05:12]} Qxb4
{[%clk 0:21:38]} 25. Bxb4 {[%clk 0:05:37]} Rc2 {[%clk 0:21:21]} 26. a4 {[%clk
0:01:49]} Rb2 {[%clk 0:17:56]} 27. Bc3 {[%clk 0:02:04]} Ra2 {[%clk 0:17:42]}
28. Kg2 {[%clk 0:01:05]} Rxa4 {[%clk 0:16:27]} 29. Rb1 {[%clk 0:00:50]} b6
{[%clk 0:15:37]} 30. Kf1 {[%clk 0:00:35]} Nd6 {[%clk 0:14:33]} 31. Rb2 {[%clk
0:00:31]} Bd7 {[%clk 0:14:06]} 32. Ke2 {[%clk 0:00:32]} Bxb5+ {[%clk 0:13:14]}
33. Kd1 {[%clk 0:00:38]} Bd3 {[%clk 0:13:09]} 34. Bb4 {[%clk 0:00:32]} Ra1+
{[%clk 0:12:44]} 35. Nb1 {[%clk 0:00:55]} Nc4 {[%clk 0:13:05]} 0-1

[Event "Deutsche Ländermeisterschaft 2022"]
[Site "Wiesbaden GER"]
[Date "2022.10.03"]
[Round "5"]
[White "Aniol, Nico"]
[Black "Herrmann, Jakob"]
[Result "0-1"]
[Termination "normal"]
[Board "5.4"]
[WhiteElo "1541"]
[BlackElo "1888"]
[WhiteClock "00:32:08"]
[BlackClock "00:37:45"]
[WhiteTeam "Thüringen"]
[BlackTeam "Mecklenburg-Vorpommern"]
[PlyCount "110"]
[WhiteFideId "16287096"]
[BlackFideId "16287169"]
[EventCountry "GER"]
[EventRounds "7"]
[EventType "team-swiss"]
[EventDate "2022.09.30"]

1. e4 {[%clk 1:30:42]} c5 {[%clk 1:30:34]} 2. c3 {[%clk 1:29:30]} d5 {[%clk
1:30:55]} 3. exd5 {[%clk 1:28:40]} Qxd5 {[%clk 1:31:14]} 4. d4 {[%clk 1:27:16]}
Nf6 {[%clk 1:31:28]} 5. Nf3 {[%clk 1:26:30]} Bg4 {[%clk 1:31:37]} 6. Be2 {[%clk
1:25:07]} e6 {[%clk 1:31:07]} 7. O-O {[%clk 1:22:15]} Nc6 {[%clk 1:30:46]} 8.
h3 {[%clk 1:19:50]} Bh5 {[%clk 1:30:39]} 9. Be3 {[%clk 1:16:38]} cxd4 {[%clk
1:30:34]} 10. cxd4 {[%clk 1:14:07]} Be7 {[%clk 1:29:56]} 11. Nc3 {[%clk
1:13:43]} Qd6 {[%clk 1:30:02]} 12. Qb3 {[%clk 1:09:21]} O-O {[%clk 1:25:51]}
13. Rfd1 {[%clk 1:05:14]} Rfd8 {[%clk 1:22:50]} 14. Rac1 {[%clk 0:59:10]} a6
{[%clk 1:15:53]} 15. a3 {[%clk 0:48:06]} b5 {[%clk 1:10:39]} 16. Qa2 {[%clk
0:30:29]} Rac8 {[%clk 1:05:09]} 17. b4 {[%clk 0:30:05]} h6 {[%clk 0:57:35]} 18.
Ne1 {[%clk 0:23:24]} Bxe2 {[%clk 0:54:25]} 19. Qxe2 {[%clk 0:23:47]} Bf8 {[%clk
0:29:32]} 20. f3 {[%clk 0:17:47]} e5 {[%clk 0:21:25]} 21. d5 {[%clk 0:16:19]}
Nd4 {[%clk 0:21:42]} 22. Bxd4 {[%clk 0:15:54]} exd4 {[%clk 0:22:06]} 23. Ne4
{[%clk 0:14:44]} Qxd5 {[%clk 0:21:26]} 24. Nxf6+ {[%clk 0:15:08]} gxf6 {[%clk
0:21:51]} 25. Rxc8 {[%clk 0:12:03]} Rxc8 {[%clk 0:22:09]} 26. Rd3 {[%clk
0:12:18]} f5 {[%clk 0:16:45]} 27. Qd2 {[%clk 0:10:00]} Bg7 {[%clk 0:17:06]} 28.
Nc2 {[%clk 0:09:02]} Rc4 {[%clk 0:16:32]} 29. Qe2 {[%clk 0:07:34]} Qc6 {[%clk
0:16:21]} 30. Rd2 {[%clk 0:07:01]} Qe6 {[%clk 0:09:17]} 31. Kf2 {[%clk
0:04:58]} Bf6 {[%clk 0:07:42]} 32. Qxe6 {[%clk 0:02:54]} fxe6 {[%clk 0:08:01]}
33. g3 {[%clk 0:02:10]} e5 {[%clk 0:07:39]} 34. Ne1 {[%clk 0:01:44]} e4 {[%clk
0:06:31]} 35. fxe4 {[%clk 0:01:45]} fxe4 {[%clk 0:06:56]} 36. Ra2 {[%clk
0:01:56]} Kf7 {[%clk 0:06:57]} 37. Ng2 {[%clk 0:00:55]} Bg5 {[%clk 0:07:08]}
38. h4 {[%clk 0:00:34]} Bc1 {[%clk 0:05:29]} 39. Nf4 {[%clk 0:00:38]} Bxf4
{[%clk 0:05:33]} 40. gxf4 {[%clk 0:01:04]} Kf6 {[%clk 0:05:53]} 41. a4 {[%clk
0:30:00]} d3 {[%clk 0:34:21]} 42. Ke3 {[%clk 0:29:48]} Rc2 {[%clk 0:34:44]} 43.
Ra1 {[%clk 0:29:46]} Re2+ {[%clk 0:35:06]} 44. Kd4 {[%clk 0:30:11]} d2 {[%clk
0:35:10]} 45. Rd1 {[%clk 0:30:23]} e3 {[%clk 0:35:23]} 46. axb5 {[%clk
0:30:12]} Re1 {[%clk 0:34:56]} 47. b6 {[%clk 0:30:29]} Rxd1 {[%clk 0:35:21]}
48. b7 {[%clk 0:30:57]} Rc1 {[%clk 0:35:39]} 49. b8=Q {[%clk 0:30:59]} d1=Q+
{[%clk 0:36:02]} 50. Ke4 {[%clk 0:30:36]} Rc4+ {[%clk 0:36:23]} 51. Kxe3 {[%clk
0:31:02]} Qd4+ {[%clk 0:36:46]} 52. Kf3 {[%clk 0:31:20]} Rc3+ {[%clk 0:36:51]}
53. Ke2 {[%clk 0:31:22]} Qe3+ {[%clk 0:36:57]} 54. Kf1 {[%clk 0:31:42]} Rc1+
{[%clk 0:37:20]} 55. Kg2 {[%clk 0:32:08]} Rg1+ {[%clk 0:37:45]} 0-1

[Event "Deutsche Ländermeisterschaft 2022"]
[Site "Wiesbaden GER"]
[Date "2022.10.03"]
[Round "5"]
[White "Geltz, Noah"]
[Black "Pikalow, Michael"]
[Result "1/2-1/2"]
[Termination "normal"]
[Board "6.2"]
[WhiteElo "2142"]
[BlackElo "2037"]
[WhiteClock "00:02:37"]
[BlackClock "00:01:18"]
[WhiteTeam "Württemberg"]
[BlackTeam "Sachsen-Anhalt"]
[PlyCount "84"]
[WhiteFideId "16224256"]
[BlackFideId "16227638"]
[EventCountry "GER"]
[EventRounds "7"]
[EventType "team-swiss"]
[EventDate "2022.09.30"]

1. e4 {[%clk 1:30:54]} c5 {[%clk 1:30:56]} 2. Nf3 {[%clk 1:28:21]} d6 {[%clk
1:31:20]} 3. Bb5+ {[%clk 1:27:31]} Bd7 {[%clk 1:31:19]} 4. c4 {[%clk 1:27:48]}
Nf6 {[%clk 1:31:05]} 5. Nc3 {[%clk 1:27:47]} g6 {[%clk 1:31:31]} 6. Bxd7+
{[%clk 1:25:57]} Qxd7 {[%clk 1:31:52]} 7. d4 {[%clk 1:24:53]} cxd4 {[%clk
1:32:14]} 8. Qxd4 {[%clk 1:23:59]} Bg7 {[%clk 1:25:43]} 9. O-O {[%clk 1:23:23]}
O-O {[%clk 1:26:09]} 10. Bg5 {[%clk 1:23:36]} h6 {[%clk 1:17:28]} 11. Bd2
{[%clk 1:23:47]} Nc6 {[%clk 1:15:44]} 12. Qd3 {[%clk 1:23:45]} Rac8 {[%clk
1:09:47]} 13. Rac1 {[%clk 1:19:11]} Qd8 {[%clk 1:03:55]} 14. b3 {[%clk
0:53:06]} Nd7 {[%clk 1:02:57]} 15. Rfd1 {[%clk 0:45:28]} Nc5 {[%clk 0:53:17]}
16. Qe3 {[%clk 0:44:06]} a6 {[%clk 0:49:20]} 17. Nd5 {[%clk 0:40:18]} e6 {[%clk
0:42:06]} 18. Nf4 {[%clk 0:37:03]} a5 {[%clk 0:36:25]} 19. Nd3 {[%clk 0:33:38]}
Qe7 {[%clk 0:31:57]} 20. Bc3 {[%clk 0:31:37]} e5 {[%clk 0:23:23]} 21. Nxc5
{[%clk 0:30:00]} dxc5 {[%clk 0:23:51]} 22. Rd5 {[%clk 0:30:08]} b6 {[%clk
0:23:28]} 23. Ne1 {[%clk 0:24:20]} Rcd8 {[%clk 0:21:20]} 24. Nd3 {[%clk
0:22:26]} Rfe8 {[%clk 0:13:53]} 25. Rxd8 {[%clk 0:13:22]} Rxd8 {[%clk 0:13:33]}
26. Rd1 {[%clk 0:12:55]} Rd7 {[%clk 0:12:13]} 27. Rd2 {[%clk 0:11:56]} Qd8
{[%clk 0:10:57]} 28. Ne1 {[%clk 0:06:50]} Nd4 {[%clk 0:08:46]} 29. Bxd4 {[%clk
0:06:32]} exd4 {[%clk 0:05:32]} 30. Qf3 {[%clk 0:05:51]} h5 {[%clk 0:05:19]}
31. Nd3 {[%clk 0:05:47]} Bh6 {[%clk 0:04:20]} 32. Re2 {[%clk 0:05:58]} Qg5
{[%clk 0:03:25]} 33. h3 {[%clk 0:05:23]} Re7 {[%clk 0:02:18]} 34. a4 {[%clk
0:05:08]} Re6 {[%clk 0:01:59]} 35. Kh2 {[%clk 0:04:23]} Qe7 {[%clk 0:01:41]}
36. e5 {[%clk 0:03:08]} Qe8 {[%clk 0:01:13]} 37. Qd5 {[%clk 0:02:15]} Bg7
{[%clk 0:00:45]} 38. f4 {[%clk 0:01:41]} Kh7 {[%clk 0:00:45]} 39. f5 {[%clk
0:01:29]} gxf5 {[%clk 0:00:54]} 40. Qf3 {[%clk 0:01:51]} Bxe5+ {[%clk 0:00:55]}
41. Nxe5 {[%clk 0:02:13]} Rxe5 {[%clk 0:01:18]} 42. Qxh5+ {[%clk 0:02:37]} Kg7
1/2-1/2

[Event "Deutsche Ländermeisterschaft 2022"]
[Site "Wiesbaden GER"]
[Date "2022.10.03"]
[Round "5"]
[White "Haubold, Sebastian"]
[Black "Jaskulski, Jan"]
[Result "1-0"]
[Termination "normal"]
[Board "6.3"]
[WhiteElo "2039"]
[BlackElo "1849"]
[WhiteClock "00:48:15"]
[BlackClock "00:53:15"]
[WhiteTeam "Sachsen-Anhalt"]
[BlackTeam "Württemberg"]
[PlyCount "37"]
[WhiteFideId "16259637"]
[BlackFideId "21877807"]
[EventCountry "GER"]
[EventRounds "7"]
[EventType "team-swiss"]
[EventDate "2022.09.30"]

1. e4 {[%clk 1:30:57]} c5 {[%clk 1:30:57]} 2. Nf3 {[%clk 1:31:22]} d6 {[%clk
1:31:24]} 3. d4 {[%clk 1:31:47]} cxd4 {[%clk 1:31:51]} 4. Nxd4 {[%clk 1:32:08]}
Nf6 {[%clk 1:32:19]} 5. Nc3 {[%clk 1:32:22]} Nc6 {[%clk 1:32:43]} 6. Bc4 {[%clk
1:32:41]} e6 {[%clk 1:32:52]} 7. Bb3 {[%clk 1:32:18]} Be7 {[%clk 1:33:14]} 8.
Be3 {[%clk 1:31:51]} a6 {[%clk 1:32:56]} 9. Qe2 {[%clk 1:30:55]} Qc7 {[%clk
1:33:18]} 10. O-O-O {[%clk 1:29:56]} O-O {[%clk 1:33:39]} 11. Rhg1 {[%clk
1:28:59]} Nxd4 {[%clk 1:33:33]} 12. Bxd4 {[%clk 1:26:38]} b5 {[%clk 1:29:52]}
13. g4 {[%clk 1:18:20]} Nd7 {[%clk 1:28:54]} 14. g5 {[%clk 1:11:18]} Nc5 {[%clk
1:17:40]} 15. Qh5 {[%clk 0:57:17]} b4 {[%clk 1:13:07]} 16. Rg3 {[%clk 0:56:25]}
Nxb3+ {[%clk 1:02:16]} 17. axb3 {[%clk 0:55:59]} Qa5 {[%clk 0:59:41]} 18. Nd5
{[%clk 0:47:54]} exd5 {[%clk 0:53:15]} 19. Qh6 {[%clk 0:48:15]} 1-0

[Event "Deutsche Ländermeisterschaft 2022"]
[Site "Wiesbaden GER"]
[Date "2022.10.03"]
[Round "5"]
[White "Kocharin, Timur"]
[Black "Haubold, Christian"]
[Result "1-0"]
[Termination "normal"]
[Board "6.4"]
[WhiteElo "1971"]
[BlackElo "1888"]
[WhiteClock "00:27:09"]
[BlackClock "00:13:18"]
[WhiteTeam "Württemberg"]
[BlackTeam "Sachsen-Anhalt"]
[PlyCount "73"]
[WhiteFideId "16240936"]
[BlackFideId "16259629"]
[EventCountry "GER"]
[EventRounds "7"]
[EventType "team-swiss"]
[EventDate "2022.09.30"]

1. d4 {[%clk 1:30:33]} Nf6 {[%clk 1:30:41]} 2. c4 {[%clk 1:30:50]} g6 {[%clk
1:30:59]} 3. Nc3 {[%clk 1:30:41]} Bg7 {[%clk 1:31:13]} 4. e4 {[%clk 1:30:50]}
d6 {[%clk 1:31:22]} 5. Be2 {[%clk 1:30:54]} O-O {[%clk 1:31:08]} 6. Nf3 {[%clk
1:30:55]} e5 {[%clk 1:29:54]} 7. dxe5 {[%clk 1:30:32]} dxe5 {[%clk 1:30:13]} 8.
Qxd8 {[%clk 1:30:54]} Rxd8 {[%clk 1:30:38]} 9. Bg5 {[%clk 1:31:11]} Re8 {[%clk
1:29:15]} 10. Nd5 {[%clk 1:30:07]} Nxd5 {[%clk 1:28:40]} 11. cxd5 {[%clk
1:30:21]} h6 {[%clk 1:19:42]} 12. Be3 {[%clk 1:27:52]} f5 {[%clk 1:13:07]} 13.
Rc1 {[%clk 1:23:49]} c6 {[%clk 1:01:03]} 14. Bc4 {[%clk 1:18:45]} Kh7 {[%clk
0:59:40]} 15. h4 {[%clk 0:56:04]} f4 {[%clk 0:52:22]} 16. Ng5+ {[%clk 0:51:39]}
hxg5 {[%clk 0:37:20]} 17. hxg5+ {[%clk 0:51:37]} Bh6 {[%clk 0:37:45]} 18. Rxh6+
{[%clk 0:50:34]} Kg7 {[%clk 0:38:10]} 19. Bd2 {[%clk 0:50:05]} b5 {[%clk
0:33:49]} 20. Bb3 {[%clk 0:48:48]} Bb7 {[%clk 0:33:50]} 21. Ke2 {[%clk
0:48:02]} Rh8 {[%clk 0:33:19]} 22. Rxh8 {[%clk 0:44:53]} Kxh8 {[%clk 0:33:41]}
23. Ba5 {[%clk 0:44:22]} cxd5 {[%clk 0:25:41]} 24. exd5 {[%clk 0:42:19]} Nd7
{[%clk 0:21:59]} 25. Rc7 {[%clk 0:42:13]} Bc8 {[%clk 0:22:23]} 26. d6 {[%clk
0:42:05]} b4 {[%clk 0:17:02]} 27. Bd5 {[%clk 0:36:49]} Rb8 {[%clk 0:17:06]} 28.
Ke1 {[%clk 0:36:05]} Nf8 {[%clk 0:16:39]} 29. Bc6 {[%clk 0:35:13]} Ne6 {[%clk
0:15:10]} 30. Re7 {[%clk 0:33:32]} b3 {[%clk 0:13:09]} 31. a3 {[%clk 0:31:48]}
Nd4 {[%clk 0:13:06]} 32. d7 {[%clk 0:26:32]} Bxd7 {[%clk 0:12:52]} 33. Bxd7
{[%clk 0:26:55]} Nc2+ {[%clk 0:13:00]} 34. Kd2 {[%clk 0:26:57]} Nxa3 {[%clk
0:13:05]} 35. Bc7 {[%clk 0:26:47]} Nc4+ {[%clk 0:12:55]} 36. Kc3 {[%clk
0:26:45]} Rb7 {[%clk 0:13:18]} 37. Be6 {[%clk 0:27:09]} 1-0

[Event "Deutsche Ländermeisterschaft 2022"]
[Site "Wiesbaden GER"]
[Date "2022.10.03"]
[Round "5"]
[White "Koll, Linus"]
[Black "Chassard, Cedric"]
[Result "1/2-1/2"]
[Termination "normal"]
[Board "7.2"]
[WhiteElo "2060"]
[BlackElo "2042"]
[WhiteClock "00:12:58"]
[BlackClock "00:04:43"]
[WhiteTeam "Baden 2"]
[BlackTeam "Saarland"]
[PlyCount "92"]
[WhiteFideId "12990299"]
[BlackFideId "16243536"]
[EventCountry "GER"]
[EventRounds "7"]
[EventType "team-swiss"]
[EventDate "2022.09.30"]

1. e4 {[%clk 1:30:59]} c5 {[%clk 1:30:58]} 2. b3 {[%clk 1:30:23]} g6 {[%clk
1:29:16]} 3. Bb2 {[%clk 1:30:45]} Nf6 {[%clk 1:29:20]} 4. Qf3 {[%clk 1:27:47]}
d6 {[%clk 1:19:20]} 5. Bxf6 {[%clk 1:23:55]} exf6 {[%clk 1:19:40]} 6. Bb5+
{[%clk 1:23:36]} Nc6 {[%clk 1:04:54]} 7. Ne2 {[%clk 1:17:48]} Bd7 {[%clk
1:04:10]} 8. Nbc3 {[%clk 1:10:01]} a6 {[%clk 0:55:29]} 9. Bxc6 {[%clk 1:07:44]}
bxc6 {[%clk 0:52:25]} 10. Ng3 {[%clk 1:04:47]} Bg7 {[%clk 0:52:03]} 11. O-O
{[%clk 1:04:44]} O-O {[%clk 0:52:05]} 12. Rad1 {[%clk 0:57:20]} h5 {[%clk
0:43:05]} 13. h3 {[%clk 0:45:22]} h4 {[%clk 0:42:07]} 14. Nge2 {[%clk 0:45:40]}
f5 {[%clk 0:42:04]} 15. d4 {[%clk 0:43:41]} cxd4 {[%clk 0:39:19]} 16. Nxd4
{[%clk 0:43:47]} fxe4 {[%clk 0:35:30]} 17. Nxe4 {[%clk 0:41:36]} Qe7 {[%clk
0:34:51]} 18. Nc3 {[%clk 0:28:27]} d5 {[%clk 0:26:54]} 19. Qd3 {[%clk 0:24:39]}
Qd6 {[%clk 0:25:08]} 20. Nf3 {[%clk 0:23:33]} Bf5 {[%clk 0:22:22]} 21. Qd2
{[%clk 0:23:44]} Qf6 {[%clk 0:21:15]} 22. Nd4 {[%clk 0:20:46]} Bd7 {[%clk
0:11:46]} 23. Na4 {[%clk 0:20:41]} Qd6 {[%clk 0:10:54]} 24. Nf3 {[%clk
0:17:44]} Qf6 {[%clk 0:09:55]} 25. Nb6 {[%clk 0:14:28]} Rad8 {[%clk 0:09:57]}
26. Nxd7 {[%clk 0:13:32]} Rxd7 {[%clk 0:10:26]} 27. Qg5 {[%clk 0:08:31]} Qxg5
{[%clk 0:10:27]} 28. Nxg5 {[%clk 0:08:56]} Re8 {[%clk 0:10:17]} 29. Rfe1 {[%clk
0:09:19]} Rde7 {[%clk 0:09:18]} 30. Kf1 {[%clk 0:08:33]} Bf6 {[%clk 0:09:02]}
31. Nf3 {[%clk 0:08:37]} Kf8 {[%clk 0:09:04]} 32. Rxe7 {[%clk 0:08:34]} Rxe7
{[%clk 0:07:52]} 33. Re1 {[%clk 0:08:49]} Re6 {[%clk 0:07:02]} 34. Rxe6 {[%clk
0:08:55]} fxe6 {[%clk 0:07:31]} 35. Ke2 {[%clk 0:06:52]} Ke7 {[%clk 0:07:56]}
36. Kd3 {[%clk 0:03:44]} e5 {[%clk 0:07:28]} 37. Nh2 {[%clk 0:03:01]} Kd6
{[%clk 0:06:19]} 38. f3 {[%clk 0:03:08]} Bg7 {[%clk 0:05:56]} 39. Ng4 {[%clk
0:02:56]} Kc5 {[%clk 0:06:06]} 40. c3 {[%clk 0:02:33]} a5 {[%clk 0:02:18]} 41.
Ne3 {[%clk 0:00:46]} Kb5 {[%clk 0:20:40]} 42. c4+ {[%clk 0:24:50]} Kc5 {[%clk
0:19:24]} 43. cxd5 {[%clk 0:23:20]} cxd5 {[%clk 0:19:47]} 44. a3 {[%clk
0:23:32]} Kc6 {[%clk 0:15:58]} 45. b4 {[%clk 0:16:09]} d4 {[%clk 0:05:40]} 46.
Nc2 {[%clk 0:12:58]} Kb5 {[%clk 0:04:43]} 1/2-1/2

[Event "Deutsche Ländermeisterschaft 2022"]
[Site "Wiesbaden GER"]
[Date "2022.10.03"]
[Round "5"]
[White "Feidt, Jonas"]
[Black "Hecht, Jonas Christian"]
[Result "0-1"]
[Termination "normal"]
[Board "7.3"]
[WhiteElo "1908"]
[BlackElo "1852"]
[WhiteClock "00:00:34"]
[BlackClock "00:11:10"]
[WhiteTeam "Saarland"]
[BlackTeam "Baden 2"]
[PlyCount "68"]
[WhiteFideId "16243617"]
[BlackFideId "16214846"]
[EventCountry "GER"]
[EventRounds "7"]
[EventType "team-swiss"]
[EventDate "2022.09.30"]

1. c4 {[%clk 1:30:56]} e5 {[%clk 1:30:56]} 2. g3 {[%clk 1:30:47]} Nf6 {[%clk
1:31:14]} 3. Bg2 {[%clk 1:31:11]} d5 {[%clk 1:26:50]} 4. cxd5 {[%clk 1:31:32]}
Nxd5 {[%clk 1:27:15]} 5. Nc3 {[%clk 1:31:56]} Nb6 {[%clk 1:27:24]} 6. Nf3
{[%clk 1:32:13]} Nc6 {[%clk 1:27:48]} 7. O-O {[%clk 1:31:28]} Be7 {[%clk
1:28:11]} 8. a3 {[%clk 1:31:45]} O-O {[%clk 1:27:46]} 9. b4 {[%clk 1:30:58]}
Be6 {[%clk 1:26:42]} 10. d3 {[%clk 1:31:11]} a5 {[%clk 1:22:46]} 11. b5 {[%clk
1:27:31]} Nd4 {[%clk 1:23:10]} 12. Nd2 {[%clk 1:26:12]} c6 {[%clk 1:23:13]} 13.
a4 {[%clk 1:05:51]} cxb5 {[%clk 1:19:34]} 14. axb5 {[%clk 0:58:57]} Bb4 {[%clk
1:15:36]} 15. Bb2 {[%clk 0:54:38]} a4 {[%clk 1:01:59]} 16. Rb1 {[%clk 0:39:56]}
Qe7 {[%clk 0:59:06]} 17. e3 {[%clk 0:29:17]} Nb3 {[%clk 0:56:33]} 18. Nxb3
{[%clk 0:28:21]} Bxb3 {[%clk 0:56:38]} 19. Qe2 {[%clk 0:28:27]} Rfc8 {[%clk
0:47:49]} 20. Rbc1 {[%clk 0:27:24]} Qd7 {[%clk 0:32:27]} 21. Qh5 {[%clk
0:15:18]} f6 {[%clk 0:22:53]} 22. Ne4 {[%clk 0:07:24]} a3 {[%clk 0:21:15]} 23.
Ba1 {[%clk 0:06:10]} Rxc1 {[%clk 0:20:19]} 24. Rxc1 {[%clk 0:06:33]} Rc8 {[%clk
0:20:28]} 25. Rf1 {[%clk 0:04:49]} Qxd3 {[%clk 0:17:28]} 26. Nxf6+ {[%clk
0:04:19]} gxf6 {[%clk 0:17:51]} 27. Qg4+ {[%clk 0:04:34]} Qg6 {[%clk 0:18:15]}
28. Qxb4 {[%clk 0:04:50]} Bc4 {[%clk 0:16:58]} 29. Rc1 {[%clk 0:04:40]} a2
{[%clk 0:16:05]} 30. Bxb7 {[%clk 0:02:59]} Rc7 {[%clk 0:12:09]} 31. Bc6 {[%clk
0:02:45]} Qd3 {[%clk 0:11:27]} 32. Qa5 {[%clk 0:01:17]} Bxb5 {[%clk 0:10:21]}
33. Qxb6 {[%clk 0:01:08]} Rxc6 {[%clk 0:10:46]} 34. Re1 {[%clk 0:00:34]} Rxb6
{[%clk 0:11:10]} 0-1